000
00280nam a22001337a 4500
008
170612b xxu||||| |||| 00| 0 eng d
020
_a
0817348344
041
_a
eng
080
_a
328
100
_a
19
101
_a
SHP
245
_a
POLICY ANALYSIS
_c
DYE,TH.R
942
_2
udc
_c
BK
999
_c
16937
_d
16937